000 01145nam a22002777a 4500
003 BD-DhSAU
005 20200107130826.0
008 171109b2018 bg ||||| |||| 001 0 eng d
040 _aBD-DhSAU
082 _222
_a630.2
_bEv141
100 _aEvan , Md. Nazmul Hasan
_eRegistration # 12-04797
245 _aGrowth and Yield of BARI Tomato 11 in response to application of Phosphorus and Sulphur /
_bMS thesis
_cMd. Nazmul Hasan Evan
260 _aSher-e-Bangla Agricultural University :
_bDepartment of Agricultural Chemistry,
_c2018
300 _aviii, 74 p. :
_bill. ;
_c30 cm.
500 _aMS thesis of Department of Agricultural Chemistry, Faculty of Agriculture, Sher-e-Bangla Agricultural University, Dhaka, Bangladesh
504 _aIncludes bibliographical reference.
590 _aShofi
650 _aAgricultural Chemistry
650 _aBARI Tomato 11
650 _a Phosphorus
650 _aSulphur
700 _aBegum , Rokeya
_eSupervisor
700 _aKhan , Md. Sirajul Islam
_eCo-Supervisor
856 _uhttp://archive.saulibrary.edu.bd:8080/xmlui/handle/123456789/2860
_yOnline Access
942 _2ddc
_cTHESIS
999 _c14829
_d14828